000
00332nam a2200133Ia 4500
008
100328s9999 xx 000 0 und d
082
_b
21546
100
_a
चलवादि विठ्ठल
245
_a
भुरळ
260
_b
रम्यकथा
630
_a
भुरळ
730
_a
भुरळ
942
_c
BOOK
999
_c
515559
_d
515556